[Event "Norway Chess op-B"]
[Site "Stavanger"]
[Date "2025.05.27"]
[Round "1"]
[White "Mesar, Darko"]
[Black "Vatneodegard, Marie"]
[Result "1-0"]
[WhiteElo "1886"]
[BlackElo "1548"]
[PlyCount "73"]
[EventDate "2025.05.27"]
[EventType "swiss"]
[EventRounds "9"]
[EventCountry "NOR"]
[SourceTitle "CB23_2025"]
[SourceDate "2025.06.04"]
[SourceVersion "1"]
[SourceVersionDate "2025.06.04"]
[SourceQuality "1"]

1. e4 Nf6 2. e5 Nd5 3. d4 d6 4. c4 Nb6 5. Nf3 dxe5 6. Nxe5 g6 7. Be2 Bg7 8. 0-0 0-0 9. Nc3 Nc6 10. Nxc6 bxc6 11. Be3 Be6 12. c5 Nd5 13. Bg5 Qd7 14. Qd2 Rfb8 15. Rfd1 Rb4 16. Nxd5 Qxd5 17. Qxb4 Qxg5 18. Qb7 Rf8 19. Qxc7 Bd5 20. Qg3 Qf5 21. Qd3 Be4 22. Qe3 Rd8 23. Rac1 e6 24. g4 Qf6 25. Qxe4 Rc8 26. Rc3 Rb8 27. Rf3 Qe7 28. b3 Rb4 29. Bc4 Rb7 30. Qxc6 Rd7 31. Qe4 Qd8 32. d5 exd5 33. Rxd5 Qe7 34. Qxe7 Rxe7 35. Rd8+ Bf8 36. c6 Kg7 37. Rd7 1-0

[Event "Vrsar op"]
[Site "Vrsar"]
[Date "2025.05.02"]
[Round "6"]
[White "Florjan, Mladen"]
[Black "Mesar, Darko"]
[Result "1/2-1/2"]
[WhiteElo "2002"]
[BlackElo "1884"]
[PlyCount "59"]
[EventDate "2025.04.28"]
[EventType "swiss"]
[EventRounds "9"]
[EventCountry "CRO"]
[SourceTitle "CB19_2025"]
[SourceDate "2025.05.07"]
[SourceVersion "1"]
[SourceVersionDate "2025.05.07"]
[SourceQuality "1"]

1. Nf3 Nf6 2. c4 g6 3. g3 Bg7 4. Bg2 0-0 5. d4 d6 6. 0-0 Nbd7 7. Nc3 c6 8. e4 e5 9. Qc2 Qe7 10. b3 exd4 11. Nxd4 Nc5 12. Bb2 a5 13. Rad1 Bg4 14. f3 Bd7 15. Ba3 Rfd8 16. Rfe1 Ne8 17. f4 Ne6 18. e5 Nxd4 19. Rxd4 Be6 20. Qd2 Qc7 21. Bxd6 Nxd6 22. Rxd6 Rxd6 23. exd6 Bxc3 24. Qxc3 Qxd6 25. c5 Qd7 26. Bf3 a4 27. Rd1 Qe7 28. Rd6 axb3 29. axb3 Rd8 30. Rxd8+ 1/2-1/2

[Event "Vrsar op"]
[Site "Vrsar"]
[Date "2025.05.02"]
[Round "7"]
[White "Mesar, Darko"]
[Black "Bodiroga, Predrag"]
[Result "0-1"]
[WhiteElo "1884"]
[BlackElo "2257"]
[PlyCount "70"]
[EventDate "2025.04.28"]
[EventType "swiss"]
[EventRounds "9"]
[EventCountry "CRO"]
[SourceTitle "CB19_2025"]
[SourceDate "2025.05.07"]
[SourceVersion "1"]
[SourceVersionDate "2025.05.07"]
[SourceQuality "1"]

1. e4 c6 2. d4 d5 3. e5 Bf5 4. Nf3 e6 5. Be2 Ne7 6. 0-0 h6 7. Nbd2 Nd7 8. Nb3 Rc8 9. Be3 Bh7 10. Bd3 Bxd3 11. Qxd3 Nf5 12. Bd2 Be7 13. c3 0-0 14. Rad1 a5 15. Nc1 Qb6 16. Qb1 c5 17. Ne2 Nb8 18. g4 Nh4 19. Nxh4 Bxh4 20. dxc5 Qa6 21. Nd4 Nd7 22. Nf3 Be7 23. b4 Qe2 24. Kg2 Nxe5 25. Nxe5 Qxe5 26. Rde1 Qc7 27. f4 Qc6 28. Rf3 d4 29. cxd4 axb4 30. Bxb4 Qd5 31. Qb2 Bf6 32. Bc3 Ra8 33. a3 Ra4 34. Re5 Bxe5 35. dxe5 Rxf4 0-1

[Event "Vrsar op"]
[Site "Vrsar"]
[Date "2025.05.01"]
[Round "5"]
[White "Mesar, Darko"]
[Black "Kolednjak, Tomislav"]
[Result "0-1"]
[WhiteElo "1884"]
[BlackElo "2081"]
[PlyCount "82"]
[EventDate "2025.04.28"]
[EventType "swiss"]
[EventRounds "9"]
[EventCountry "CRO"]
[SourceTitle "CB19_2025"]
[SourceDate "2025.05.07"]
[SourceVersion "1"]
[SourceVersionDate "2025.05.07"]
[SourceQuality "1"]

1. e4 e6 2. d4 d5 3. e5 c5 4. c3 Nc6 5. Nf3 Bd7 6. Be2 Nge7 7. Nbd2 cxd4 8. cxd4 Nf5 9. Nb3 Rc8 10. a3 Qb6 11. Qd3 h6 12. 0-0 Be7 13. Bd2 a5 14. Be3 0-0 15. Rac1 Na7 16. Nc5 Bb5 17. Qb3 Bxc5 18. dxc5 Qa6 19. Bxb5 Qxb5 20. Qxb5 Nxb5 21. Bd2 Nbd4 22. Nxd4 Nxd4 23. Bxa5 Ne2+ 24. Kh1 Nxc1 25. Rxc1 Ra8 26. Bc7 Ra4 27. Bd6 Rc8 28. g3 f6 29. f4 Kf7 30. Rc3 Rd8 31. b4 Rda8 32. b5 Rxa3 33. Rxa3 Rxa3 34. b6 Rc3 35. Kg2 fxe5 36. fxe5 h5 37. Kf2 g6 38. Ke2 Rc4 39. h4 Ke8 40. Kf3 Kd7 41. Bf8 Kc6 0-1

[Event "Varazdinske Toplice rapid op"]
[Site "Varazdinske Toplice"]
[Date "2024.12.26"]
[Round "3"]
[White "Bicanic, Mile"]
[Black "Mesar, Darko"]
[Result "1-0"]
[WhiteElo "1846"]
[BlackElo "1914"]
[PlyCount "95"]
[EventDate "2024.12.26"]
[EventType "swiss"]
[EventRounds "9"]
[EventCountry "CRO"]
[SourceTitle "CB02_2025"]
[SourceDate "2025.01.08"]
[SourceVersion "1"]
[SourceVersionDate "2025.01.08"]
[SourceQuality "1"]

1. d4 Nf6 2. Bf4 d6 3. Nc3 g6 4. e4 Bg7 5. Qd2 0-0 6. Bh6 Nbd7 7. Bxg7 Kxg7 8. 0-0-0 a6 9. h4 h5 10. Be2 b5 11. f3 Bb7 12. Nh3 c5 13. d5 Qa5 14. g4 hxg4 15. fxg4 b4 16. Nb1 Qxa2 17. Bf3 Ne5 18. Qe2 Nc4 19. c3 bxc3 20. Nxc3 Qa1+ 21. Nb1 Qa2 22. h5 Rh8 23. hxg6 fxg6 24. Ng5 a5 25. Ne6+ Kg8 26. Rxh8+ Kxh8 27. Rh1+ Kg8 28. Qh2 Kf7 29. g5 Qb3 30. Rf1 Qe3+ 31. Nd2 Qxd2+ 32. Qxd2 Nxd2 33. Kxd2 Nh5 34. Bxh5+ Ke8 35. Nc7+ Kd7 36. Nxa8 Bxa8 37. Bg4+ Kc7 38. Kc3 Bb7 39. Rf7 Kd8 40. Rg7 a4 41. Rxg6 Ba6 42. Bf5 Be2 43. Rg8+ Kc7 44. g6 Bh5 45. Rc8+ Kb7 46. g7 Bf7 47. g8Q Bxg8 48. Rxg8 1-0

[Event "Norway Chess op"]
[Site "Stavanger"]
[Date "2024.05.25"]
[Round "3"]
[White "Mesar, Darko"]
[Black "Gasland, Lukas Dominik"]
[Result "0-1"]
[WhiteElo "1894"]
[BlackElo "2063"]
[PlyCount "62"]
[EventDate "2024.05.24"]
[EventType "swiss"]
[EventRounds "9"]
[EventCountry "NOR"]
[SourceTitle "CBM 220 Extra"]
[Source "ChessBase"]
[SourceDate "2024.07.31"]
[SourceVersion "1"]
[SourceVersionDate "2024.07.31"]
[SourceQuality "1"]

1. e4 c5 2. Nf3 Nc6 3. d4 cxd4 4. Nxd4 e5 5. Nb5 d6 6. N1c3 a6 7. Na3 b5 8. Nd5 Nf6 9. Bg5 Be7 10. Nxe7 Qxe7 11. f3 Be6 12. Qd2 0-0 13. c3 Rfd8 14. Be2 d5 15. exd5 Rxd5 16. Qe3 Rad8 17. 0-0 h6 18. Bxf6 Qxf6 19. Rfd1 Rxd1+ 20. Rxd1 Bxa2 21. Ra1 Bb3 22. Nb1 Ne7 23. Nd2 Nf5 24. Qa7 Rxd2 25. Rxa6 Qg5 26. Qb8+ Kh7 27. Qxe5 Ng3 28. Qxg3 Qxg3 29. hxg3 Rxe2 30. Rb6 Re5 31. Rd6 Rd5 0-1

[Event "Krapina op 12th"]
[Site "Krapina"]
[Date "2024.01.21"]
[Round "7"]
[White "Mesar, Darko"]
[Black "Popov, Luka"]
[Result "1-0"]
[WhiteElo "1851"]
[BlackElo "1463"]
[PlyCount "45"]
[EventDate "2024.01.19"]
[EventType "swiss"]
[EventRounds "7"]
[EventCountry "CRO"]
[SourceTitle "CBM 218 Extra"]
[Source "ChessBase"]
[SourceDate "2024.03.31"]
[SourceVersion "1"]
[SourceVersionDate "2024.03.31"]
[SourceQuality "1"]

1. d4 d5 2. c4 e6 3. Nf3 Nf6 4. g3 dxc4 5. Qa4+ Nbd7 6. Qxc4 a6 7. Bg2 b5 8. Qc2 Bb7 9. 0-0 Be7 10. Bg5 h6 11. Bf4 Rc8 12. Nc3 0-0 13. Rac1 c5 14. Qd2 b4 15. Na4 Ne4 16. Qd1 Bc6 17. Nxc5 Nexc5 18. dxc5 Nxc5 19. Be3 Ba8 20. Ne5 Bxg2 21. Kxg2 f6 22. Ng6 Re8 23. Qxd8 1-0

[Event "Krapina-ch 8th "]
[Site "Krapina"]
[Date "2018.01.21"]
[Round "7"]
[White "Jurinjak, Tomica"]
[Black "Mesar, Darko"]
[Result "0-1"]
[WhiteElo "1646"]
[BlackElo "1900"]
[PlyCount "59"]
[EventDate "2018.01.18"]
[EventType "swiss"]
[EventRounds "7"]
[EventCountry "CRO"]
[SourceTitle "EXT 2019"]
[Source "ChessBase"]
[SourceDate "2018.10.10"]
[SourceVersion "1"]
[SourceVersionDate "2018.10.10"]
[SourceQuality "1"]

1. c4 Nf6 2. d3 g6 3. e4 d6 4. h3 Bg7 5. Be2 Nc6 6. Nf3 0-0 7. 0-0 e5 8. Bg5 h6 9. Be3 Nd7 10. Nc3 f5 11. exf5 gxf5 12. Bd2 Nf6 13. Nh2 Nd4 14. Rb1 Nxe2+ 15. Nxe2 Qe8 16. f4 Qg6 17. Bc3 Nh5 18. Bd2 Kh7 19. Bc3 Rg8 20. Kh1 exf4 21. Rg1 Bxc3 22. bxc3 b6 23. Nf3 Bb7 24. Qf1 Rae8 25. Kh2 Re3 26. d4 Ng3 27. Nxg3 Qxg3+ 28. Kh1 Rxf3 29. gxf3 Bxf3+ 30. Rg2 0-1

[Event "Podturen Mavrin Memorial 6th"]
[Site "Podturen"]
[Date "2018.01.05"]
[Round "2"]
[White "Mesar, Darko"]
[Black "Murko, David"]
[Result "0-1"]
[WhiteElo "1900"]
[BlackElo "2116"]
[PlyCount "62"]
[EventDate "2018.01.04"]
[EventType "swiss"]
[EventRounds "7"]
[EventCountry "CRO"]
[SourceTitle "CBM 182 Extra"]
[Source "ChessBase"]
[SourceDate "2018.02.23"]
[SourceVersion "1"]
[SourceVersionDate "2018.02.23"]
[SourceQuality "1"]

1. e4 c5 2. Nf3 d6 3. d4 cxd4 4. Nxd4 Nf6 5. Nc3 g6 6. Be3 Bg7 7. f3 Nc6 8. Qd2 0-0 9. Bc4 Bd7 10. 0-0-0 Rc8 11. Bb3 Nxd4 12. Bxd4 b5 13. h4 a5 14. a3 b4 15. Nd5 Nxd5 16. Bxg7 Kxg7 17. Qxd5 a4 18. Ba2 bxa3 19. bxa3 Qb6 20. Qd4+ Qxd4 21. Rxd4 Rc3 22. Rd3 Rc5 23. Kd2 f5 24. Rc3 fxe4 25. Rxc5 dxc5 26. Re1 exf3 27. Rxe7+ Kf6 28. Re1 fxg2 29. Bd5 Bh3 30. Kc3 Kg7 31. Bc4 Rf1 0-1

[Event "Zagreb op-B"]
[Site "Zagreb"]
[Date "2012.03.05"]
[Round "1"]
[White "Mesar, Darko"]
[Black "Pandurevic, Miro"]
[Result "0-1"]
[WhiteElo "1979"]
[BlackElo "2240"]
[PlyCount "78"]
[EventDate "2012.03.05"]
[EventType "swiss"]
[EventRounds "9"]
[EventCountry "CRO"]
[SourceTitle "CBM 147 Extra"]
[Source "ChessBase"]
[SourceDate "2012.04.24"]
[SourceVersion "1"]
[SourceVersionDate "2012.04.24"]
[SourceQuality "1"]

1. e4 e6 2. d4 d5 3. Nd2 Nc6 4. Ngf3 Nf6 5. e5 Nd7 6. Be2 f6 7. exf6 Qxf6 8. Nb3 Bd6 9. Bg5 Qf7 10. Qd2 0-0 11. 0-0-0 a5 12. Kb1 a4 13. Nc1 h6 14. Bh4 Na5 15. Bg3 Nc4 16. Qc3 b5 17. Bxd6 cxd6 18. Qb4 Qe7 19. Nd3 Nb8 20. Qxb5 Na6 21. Qxa4 Rb8 22. b4 e5 23. c3 e4 24. Nb2 exf3 25. Bxf3 Nxb2 26. Kxb2 Qb7 27. a3 Bd7 28. Qb3 Nc7 29. Rhe1 Rfe8 30. Re3 Rxe3 31. fxe3 Kh8 32. Qc2 Qa6 33. Be2 Bb5 34. Bxb5 Nxb5 35. Qb3 Ra8 36. Ra1 Rf8 37. Ra2 Rf2+ 38. Kb1 Nxc3+ 39. Qxc3 Qf1+ 0-1

[Event "Krapina op"]
[Site "Krapina"]
[Date "2011.07.11"]
[Round "6"]
[White "Jelecevic, Ivo"]
[Black "Mesar, Darko"]
[Result "1-0"]
[WhiteElo "2194"]
[BlackElo "1973"]
[PlyCount "89"]
[EventDate "2011.06.29"]
[EventType "swiss"]
[EventRounds "9"]
[EventCountry "CRO"]
[SourceTitle "EXT 2012"]
[Source "ChessBase"]
[SourceDate "2011.11.24"]
[SourceVersion "1"]
[SourceVersionDate "2011.11.24"]
[SourceQuality "1"]

1. e4 c5 2. Nf3 d6 3. d4 cxd4 4. Nxd4 Nf6 5. Nc3 g6 6. Be3 Bg7 7. Qd2 Ng4 8. Bg5 Qb6 9. Nb3 Be6 10. h3 Ne5 11. Be3 Qc7 12. Nb5 Qd7 13. N3d4 Nc4 14. Nxe6 Nxd2 15. Nbc7+ Qxc7 16. Nxc7+ Kd7 17. Nxa8 Bxb2 18. Rd1 Nxe4 19. Rb1 Bc3+ 20. Kd1 b6 21. Nxb6+ axb6 22. Rxb6 Ke6 23. Bc4+ Kf6 24. Bd5 Ng5 25. Rb3 Ba5 26. Rb5 Bc3 27. Ke2 Ne6 28. Rhb1 Nd7 29. Bxe6 Kxe6 30. R1b3 Rc8 31. a4 Bf6 32. Kd1 Ne5 33. Rb8 Rc6 34. R3b6 Rc3 35. Rb3 Rc6 36. a5 Ra6 37. R8b5 Nc4 38. Bb6 Kd7 39. Ke2 Kc6 40. Kd3 Ne5+ 41. Ke4 Nc4 42. Kd3 Ne5+ 43. Ke2 Nc4 44. f4 Na3 45. R5b4 1-0